April market trend data from Land Registry (Record no. 84039)
[ view plain ]
| 000 -LEADER | |
|---|---|
| fixed length control field | 01111cad a22002055a 4500 |
| 001 - CONTROL NUMBER | |
| control field | L156498 |
| 008 - FIXED-LENGTH DATA ELEMENTS--GENERAL INFORMATION | |
| fixed length control field | 120529e20120529xxk 000 0 eng d |
| 035 ## - SYSTEM CONTROL NUMBER | |
| System control number | (Sirsi) u156498 |
| 041 0# - LANGUAGE CODE | |
| Language code of text/sound track or separate title | eng |
| 110 2# - MAIN ENTRY--CORPORATE NAME | |
| Corporate name or jurisdiction name as entry element | Land Registry |
| 9 (RLIN) | 5885 |
| 245 00 - TITLE STATEMENT | |
| Title | April market trend data from Land Registry |
| Medium | [electronic resource] |
| 260 ## - PUBLICATION, DISTRIBUTION, ETC. | |
| Date of publication, distribution, etc. | 2012 |
| 490 ## - SERIES STATEMENT | |
| Series statement | Land Registry Press Release |
| Volume/sequential designation | PR08/12 29 May 2012 |
| 520 ## - SUMMARY, ETC. | |
| Summary, etc. | Market trend data includes Lands Tribunal House Price Index, Transactions and Price Paid April 2012. House prices fell by 0.3% with average house prices in England and Wales now at £160 417. There were over 1 million transactions with South East the top region. The Price Paid Data includes details of over 51,000 residential property sales in England and Wales that were lodged for registration in April 2012. |
| 590 ## - LOCAL NOTE (RLIN) | |
| Local note | KA NTK |
| 651 #4 - SUBJECT ADDED ENTRY--GEOGRAPHIC NAME | |
| Geographic name | England and Wales |
| Chronological subdivision | 1543- |
| 690 ## - LOCAL SUBJECT ADDED ENTRY--TOPICAL TERM (OCLC, RLIN) | |
| Topical term or geographic name as entry element | Residential property |
| 9 (RLIN) | 6266 |
| 856 40 - ELECTRONIC LOCATION AND ACCESS | |
| Uniform Resource Identifier | <a href="https://www.landregistry.gov.uk/media/all-releases/press-releases/2012/market-trend-data-april-2012">https://www.landregistry.gov.uk/media/all-releases/press-releases/2012/market-trend-data-april-2012</a> |
| Public note | View this item free of charge at www.landregistry.gov.uk |
| 942 ## - ADDED ENTRY ELEMENTS (KOHA) | |
| Suppress in OPAC | 0 |
| Withdrawn status | Lost status | Source of classification or shelving scheme | Damaged status | Not for loan | Home library | Current library | Shelving location | Date acquired | Total Checkouts | Full call number | Barcode | Date last seen | Copy number | Price effective from | Koha item type |
|---|---|---|---|---|---|---|---|---|---|---|---|---|---|---|---|
| Dewey Decimal Classification | Virtual | Virtual | Online | 29/05/2012 | ONLINE PUBLICATION | 156498-2001 | 06/08/2019 | 1 | 06/08/2019 | Journal article |